Typing Challenge: No Repeats Quiz Stats

 Plays Quiz Updated Jul 10, 2013

Challenge
Share
Tweet
Embed
Score 0/40 Timer 01:00
9 Plays Today
Word Type or SKIP % Correct
????
100%
????
99.6%
????
99.3%
????
99%
????
98.7%
????
98.4%
????
69.9%
????
69.7%
????
69.4%
????
69.2%
????
69%
????
65.7%
????
65.4%
????
65.1%
????
64.8%
????
62.3%
????
57.5%
????
57.1%
????
56.6%
????
56.1%
Word Type or SKIP % Correct
????
54.2%
????
53.3%
????
52.4%
????
51.5%
????
46.5%
????
44.9%
????
42.3%
????
40.5%
????
38.9%
????
35.4%
????
26.3%
????
23.4%
????
20.5%
????
12.2%
????
10.9%
????
9.8%
????
8.4%
????
6.9%
????
5.7%
????
4.6%

You're not logged in!

Compare scores with friends on all Sporcle quizzes.
OR
Log In

You Might Also Like...

Show Comments

Extras

Top Quizzes Today


Score Distribution

Your Account Isn't Verified!

In order to create a playlist on Sporcle, you need to verify the email address you used during registration. Go to your Sporcle Settings to finish the process.

Report this User

Report this user for behavior that violates our Community Guidelines.

Details: